La energía de los alimentos : (Record no. 23657)

000 -CABECERA
fixed length control field 01553nam a22002777i 4500
003 - IDENTIFICADOR DEL NÚMERO DE CONTROL
control field AR-CdUCM
008 - DATOS DE LONGITUD FIJA--INFORMACIÓN GENERAL
fixed length control field 260429b o|||| |||| 00| 0 spa d
020 ## - NÚMERO INTERNACIONAL ESTÁNDAR DEL LIBRO
ISBN 978-84-1357-061-7
040 ## - FUENTE DE LA CATALOGACIÓN
Agencia/entidad que catalogó originalmente la obra MUNICIPALIDAD PROVINCIAL DEL CUSCO
Entidad que transcribió la catalogación BIBLIOTECA MUNICIPAL DEL CUSCO
082 ## - NÚMERO DE LA CLASIFICACIÓN DECIMAL DEWEY
No. de Clasificación 641.5
Notacion interna G87
100 ## - ENTRADA PRINCIPAL--NOMBRE DE PERSONA
Nombre Personal Guerrero, Marina
245 ## - MENCIÓN DE TÍTULO
Título La energía de los alimentos :
Resto del título 78 recetas saludables /
260 ## - PUBLICACIÓN, DISTRIBUCIÓN, ETC.
Lugar de publicación, distribución, etc. Madrid, España :
Nombre de la editorial, distribuidor, etc. Editorial Síntesis
Fecha de publicación, distribución, etc. 2021
300 ## - DESCRIPCIÓN FÍSICA
Nº de Páginas Extensión 115 páginas. :
Dimensiones 14x21,5 cm.
505 ## - NOTA DE CONTENIDO CON FORMATO
Nota de contenido formateada Introducción a la alimentación energética -- Concepto de energía en los alimentos -- Principios de la alimentación saludable -- Clasificación de los alimentos naturales -- Beneficios de una dieta equilibrada -- Influencia de la alimentación en la salud física --Relación entre alimentación y bienestar emocional -- Alimentos energéticos y sus propiedades -- Importancia de los nutrientes esenciales -- Hábitos alimenticios saludables -- Preparación de alimentos naturales -- Recetas energéticas para el desayuno -- Recetas saludables para el almuerzo -- Recetas ligeras para la cena -- Bebidas naturales y energizantes -- Consejos para una alimentación consciente
650 ## - PUNTO DE ACCESO ADICIONAL DE MATERIA--TÉRMINO DE MATERIA
Descriptor Alimentación saludable
9 (RLIN) 52784
650 ## - PUNTO DE ACCESO ADICIONAL DE MATERIA--TÉRMINO DE MATERIA
Descriptor Nutrición
9 (RLIN) 2384
650 ## - PUNTO DE ACCESO ADICIONAL DE MATERIA--TÉRMINO DE MATERIA
Descriptor Dietas saludables
9 (RLIN) 52785
650 ## - PUNTO DE ACCESO ADICIONAL DE MATERIA--TÉRMINO DE MATERIA
Descriptor Hábitos alimenticios
9 (RLIN) 52786
650 ## - PUNTO DE ACCESO ADICIONAL DE MATERIA--TÉRMINO DE MATERIA
Descriptor Cocina saludable
9 (RLIN) 52787
650 ## - PUNTO DE ACCESO ADICIONAL DE MATERIA--TÉRMINO DE MATERIA
Descriptor Alimentos naturales
9 (RLIN) 52788
856 ## - LOCALIZACIÓN Y ACCESO ELECTRÓNICOS
Dirección electrónica www.sintesis.com
942 ## - ELEMENTOS DE PUNTO DE ACCESO ADICIONAL (KOHA)
Fuente de clasificación
Tipo de item Libros-BMC
945 ## - PROCESAMIENTO DE INFORMACIÓN LOCAL (OCLC)
Catalogador esh
AAAA-MM-DD - Fecha de ingreso o modificacion 29-04-2026
Holdings
Estado de retiro (separado) Fuente de clasificación o esquema de estanterías Estado dañado Ubicación Sala donde se ubica Nombre de la colección Fecha de adquisición o compra Fuente de adquisición Costo, precio normal en soles Signatura topográfica Código de Barras Última vez visto (Koha) Tipo de ítem (Koha)
No     Sala Ciencias Sala Ciencias Book Cart 2026-04-29 Donación 16.00 641.5 / G87 SC0000002491 2026-04-29 Libros-BMC
No     Sala Ciencias Sala Ciencias Book Cart 2026-04-29 Donación 16.00 641.5 / G87 / e.2 SC0000002493 2026-04-29 Libros-BMC

Powered by Koha